[Event "Tata Steel India"]
[Site "Kolkata IND"]
[Date "2022.12.04"]
[Round "13"]
[White "R Praggnanandhaa"]
[Black "Arjun Erigaisi"]
[Result "1/2-1/2"]
[EventDate "2022.11.29"]
[WhiteElo "2684"]
[BlackElo "2722"]
[PlyCount "90"]

1. Nf3 c5 2. g3 Nc6 3. Bg2 g6 4. c3 e5 5. d4 cxd4 6. cxd4 e4 7. Ne5 d5 8. Nxc6 bxc6 9. O-O Bg7 10. Nc3 h5 11. f3 exf3 12. exf3 Ne7 13. Bg5 O-O 14. Qd2 Re8 15. Rfe1 Be6 16. Na4 Qc8 17. Bxe7 Rxe7 18. Nc5 Qc7 19. Nxe6 Rxe6 20. Rxe6 fxe6 21. f4 Rb8 22. b3 c5 23. Rc1 c4 24. bxc4 dxc4 25. Bf1 Qb6 26. Rxc4 Rd8 27. Qc2 Rxd4 28. Rc6 Rd2+ 29. Rxb6 Rxc2 30. Rxe6 Kf7 31. Rd6 Bf8 32. Rd7+ Ke6 33. Bh3+ Kf6 34. Bf1 Rxa2 35. Bc4 Ra1+ 36. Kg2 Be7 37. h3 Rc1 38. Bg8 Rc2+ 39. Kf3 Rc3+ 40. Kf2 Rc2+ 41. Kf1 Rc1+ 42. Ke2 Rc2+ 43. Kf1 Rc1+ 44. Ke2 Rc2+ 45. Kf3 Rc3+ 1/2-1/2

[Event "Tata Steel India"]
[Site "Kolkata IND"]
[Date "2022.12.04"]
[Round "12"]
[White "Arjun Erigaisi"]
[Black "D Gukesh"]
[Result "1-0"]
[EventDate "2022.11.29"]
[WhiteElo "2722"]
[BlackElo "2725"]
[PlyCount "112"]

1. e4 g6 2. d4 Bg7 3. Nc3 d6 4. Be3 a6 5. Qd2 b5 6. h4 Nf6 7. f3 h5 8. O-O-O Nc6 9. Kb1 b4 10. Na4 Bd7 11. b3 a5 12. Ne2 e5 13. Bg5 Qb8 14. d5 Na7 15. Nc1 Nb5 16. Bxb5 Bxb5 17. c4 bxc3 18. Nxc3 a4 19. b4 a3 20. Nxb5 Qxb5 21. Nd3 Nd7 22. Rc1 Qb7 23. Qc3 O-O 24. Qxc7 Qb5 25. Qc4 Qb6 26. Qc6 Qd4 27. Qc3 Qb6 28. Qc6 Qd4 29. Rhd1 Nf6 30. Rc4 Qa7 31. Bxf6 Bxf6 32. Qxd6 Kg7 33. Rc7 Qe3 34. Qc5 Qe2 35. Qc2 Qe3 36. Qf2 Qh6 37. Rc6 Rfc8 38. Rdc1 Rd8 39. R1c3 Qh8 40. Kc2 Qe8 41. g3 Qe7 42. Qc5 Qd7 43. Rxf6 Kxf6 44. Qc6+ Qd6 45. f4 Kg7 46. Qxd6 Rxd6 47. fxe5 Rd7 48. Kb3 g5 49. hxg5 Kg6 50. e6 Re7 51. Ne5+ Kxg5 52. Nxf7+ Kg4 53. Ne5+ Kg5 54. Rf3 Rg8 55. b5 Rb7 56. Kc4 1-0

[Event "Tata Steel India"]
[Site "Kolkata IND"]
[Date "2022.12.04"]
[Round "10"]
[White "Arjun Erigaisi"]
[Black "Nodirbek Abdusattorov"]
[Result "0-1"]
[EventDate "2022.11.29"]
[WhiteElo "2722"]
[BlackElo "2713"]
[PlyCount "86"]

1. d4 d5 2. Nc3 Bf5 3. Bf4 e6 4. e3 Bd6 5. Bd3 Ne7 6. Nf3 O-O 7. Bg3 c5 8. dxc5 Bxc5 9. e4 Bg6 10. h4 Nbc6 11. h5 Bxe4 12. Bxe4 dxe4 13. Nxe4 Qb6 14. h6 Qb4+ 15. Nfd2 g6 16. c3 Qxb2 17. Nxc5 Rfd8 18. Rb1 Qxa2 19. Ncb3 a5 20. Qc1 a4 21. Ra1 axb3 22. Rxa2 bxa2 23. Qa1 Nd5 24. c4 Nc3 25. Bh4 Nd4 26. O-O Nde2+ 27. Kh1 Rxd2 28. Bf6 Rd3 29. g3 e5 30. Bxe5 Re8 31. Bf6 Rf3 32. Bxc3 Nxc3 33. Kg2 Rd3 34. Rc1 Ra8 35. Rc2 Rd1 36. Qxc3 a1=Q 37. Rb2 Rg1+ 38. Kh3 Rh1+ 39. Kg2 Qf1+ 40. Kf3 Qd1+ 41. Kg2 Rg1+ 42. Kh2 Rh1+ 43. Kg2 Rxh6 0-1

[Event "Tata Steel India"]
[Site "Kolkata IND"]
[Date "2022.12.04"]
[Round "11"]
[White "S Vidit"]
[Black "Arjun Erigaisi"]
[Result "0-1"]
[EventDate "2022.11.29"]
[WhiteElo "2730"]
[BlackElo "2722"]
[PlyCount "152"]

1. d4 d5 2. c4 e6 3. Nf3 Nf6 4. e3 b6 5. Nc3 Bd6 6. cxd5 exd5 7. Bb5+ c6 8. Bd3 O-O 9. O-O Re8 10. Qc2 Bg4 11. Be2 c5 12. h3 Bh5 13. Rd1 Nc6 14. Qa4 Rc8 15. Bd2 Bb8 16. Kf1 c4 17. b3 Na5 18. Rac1 Bg6 19. Be1 a6 20. Ne5 Bf5 21. b4 Nb7 22. Qxa6 Nd6 23. b5 Bc7 24. Qa3 Ra8 25. Qb2 Qc8 26. Kg1 Be6 27. Bf1 h5 28. a4 Nf5 29. Ra1 Bd6 30. Rdc1 Qc7 31. Nf3 Ne7 32. Ng5 Bf5 33. Qe2 Bg6 34. g3 h4 35. g4 Bh2+ 36. Kh1 Bd3 37. Qf3 Bxf1 38. a5 Bd6 39. a6 Qd7 40. Na4 Bc7 41. Bb4 Bd3 42. Bxe7 Qxe7 43. Nc3 Qd6 44. Qg2 Bg6 45. Re1 Qd7 46. Nf3 Ne4 47. Ne2 Qe7 48. Rab1 Nd6 49. Rb2 Bd3 50. Nc3 Be4 51. Nxe4 Nxe4 52. Rc1 Qa3 53. Rbc2 Qe7 54. g5 Qd7 55. Kg1 g6 56. Rb1 Nd6 57. Ne5 Qf5 58. Rcc1 Ne4 59. f4 Bxe5 60. dxe5 Qc8 61. Rd1 Nc3 62. Rbc1 Nxd1 63. Rxd1 c3 64. Qxd5 Qc7 65. Rc1 Red8 66. Qe4 Qd7 67. Rc2 Qd1+ 68. Kf2 Qxc2+ 69. Qxc2 Rd2+ 70. Qxd2 cxd2 71. Ke2 Rd8 72. Kd1 Kf8 73. e4 Rd4 74. a7 Ra4 75. Kxd2 Rxa7 76. Kd3 Ra3+ 0-1

[Event "Tata Steel India"]
[Site "Kolkata IND"]
[Date "2022.12.04"]
[Round "14"]
[White "Arjun Erigaisi"]
[Black "W So"]
[Result "1-0"]
[EventDate "2022.11.29"]
[WhiteElo "2722"]
[BlackElo "2760"]
[PlyCount "86"]

1. d4 Nf6 2. Nc3 d5 3. Bf4 e6 4. Nb5 Na6 5. e3 Be7 6. Nf3 O-O 7. h4 c6 8. Nc3 Qb6 9. Rb1 c5 10. a3 Bd7 11. Ne5 Nb8 12. g4 Bc6 13. g5 Ne4 14. Nxe4 dxe4 15. Rh3 Nd7 16. Nxc6 Qxc6 17. h5 cxd4 18. exd4 Qd5 19. Rg3 Rad8 20. c4 Qf5 21. Qg4 Qxg4 22. Rxg4 f5 23. Rg3 Nb8 24. Rd1 Bd6 25. Bxd6 Rxd6 26. c5 Rd5 27. Bc4 Rfd8 28. Rb3 R8d7 29. Bxd5 exd5 30. f4 Nc6 31. Ke2 Kf7 32. Rg3 Ke6 33. b4 a6 34. Rb3 b5 35. cxb6 Rb7 36. Ke3 Rxb6 37. Rc3 Kd6 38. Rdc1 Kd7 39. Rc5 Kd6 40. R1c3 h6 41. gxh6 gxh6 42. Rc1 Ne7 43. Rg1 1-0

[Event "Tata Steel India"]
[Site "Kolkata IND"]
[Date "2022.12.04"]
[Round "15"]
[White "S Mamedyarov"]
[Black "Arjun Erigaisi"]
[Result "0-1"]
[EventDate "2022.11.29"]
[WhiteElo "2740"]
[BlackElo "2722"]
[PlyCount "78"]

1. c4 e6 2. Nf3 d5 3. e3 Nf6 4. b3 Bd6 5. Bb2 O-O 6. Nc3 c6 7. d4 Nbd7 8. Be2 Ne4 9. O-O f5 10. Qc2 Qf6 11. a3 b6 12. b4 Bb7 13. Rac1 Rae8 14. Qa4 a6 15. cxd5 b5 16. Qb3 exd5 17. g3 Nb6 18. Nxe4 fxe4 19. Ne5 Rc8 20. f3 exf3 21. Bxf3 Bxe5 22. dxe5 Qe6 23. Bd4 Nc4 24. Qc3 Rce8 25. Bh5 Rd8 26. Rf4 Qh6 27. Bg4 Bc8 28. e6 Bxe6 29. Bxe6+ Qxe6 30. Bxg7 Rxf4 31. exf4 Qe3+ 32. Qxe3 Nxe3 33. Bf6 Rd6 34. Bd4 Nc4 35. Re1 Kf7 36. f5 Nxa3 37. Ra1 Nc2 38. Bc5 Rd7 39. Kf2 Nxa1 0-1

[Event "Tata Steel India"]
[Site "Kolkata IND"]
[Date "2022.12.04"]
[Round "16"]
[White "Arjun Erigaisi"]
[Black "Parham Maghsoodloo"]
[Result "0-1"]
[EventDate "2022.11.29"]
[WhiteElo "2722"]
[BlackElo "2719"]
[PlyCount "128"]

1. Nf3 c5 2. c4 Nc6 3. Nc3 e5 4. e3 Nf6 5. d4 cxd4 6. exd4 e4 7. Ne5 Bb4 8. Be2 Qa5 9. Nxc6 dxc6 10. Bd2 O-O 11. O-O Rd8 12. a3 Bxc3 13. Bxc3 Qg5 14. Qc1 Qh4 15. Qe3 Bg4 16. Rae1 Bxe2 17. Rxe2 h6 18. Rfe1 b5 19. b3 bxc4 20. bxc4 Rab8 21. Bb4 Rd7 22. h3 Rbb7 23. Rd2 Qh5 24. Qc3 Qg5 25. Re3 Qf4 26. Rd1 Qf5 27. Qe1 Qe6 28. Qe2 Qf5 29. Qc2 Qg5 30. Bc3 Qf5 31. Rde1 Qe6 32. Ba1 Qd6 33. Qe2 Rd8 34. Rg3 Rdb8 35. Qc2 a5 36. d5 cxd5 37. cxd5 Rb6 38. Bxf6 Qxf6 39. Qxe4 Rb2 40. Rf3 Qd6 41. Qf5 Rf8 42. g3 Ra2 43. Ree3 Qa6 44. Kg2 Ra1 45. Rd3 Qc4 46. Qf4 Qc2 47. Rfe3 Qb1 48. Kf3 h5 49. Qd6 Qh1+ 50. Kf4 Qxh3 51. Ke4 Qg2+ 52. f3 Rc1 53. Kf4 Rg1 54. Kf5 Qh3+ 55. Ke4 Rxg3 56. Rc3 Rg5 57. Kd4 g6 58. f4 Qg4 59. Rg3 Qd1+ 60. Rgd3 Qg1+ 61. Re3 Rf5 62. Kc4 Qf1+ 63. Kb3 Rxf4 64. Ka2 Rf2+ 0-1

[Event "Tata Steel India"]
[Site "Kolkata IND"]
[Date "2022.12.04"]
[Round "17"]
[White "Arjun Erigaisi"]
[Black "Hi Nakamura"]
[Result "1-0"]
[EventDate "2022.11.29"]
[WhiteElo "2722"]
[BlackElo "2768"]
[PlyCount "94"]

1. d4 Nf6 2. c4 e6 3. Nc3 Bb4 4. f3 c5 5. d5 O-O 6. e4 b5 7. e5 Ne8 8. f4 exd5 9. cxd5 d6 10. Nf3 c4 11. a4 Nd7 12. axb5 dxe5 13. Bxc4 Nd6 14. Be2 exf4 15. O-O Bb7 16. Bxf4 Nf6 17. Bd3 Bxc3 18. bxc3 Nxd5 19. Bd2 Rc8 20. Qc2 h6 21. c4 Qb6+ 22. Kh1 Ne3 23. Bxe3 Qxe3 24. Rae1 Qc5 25. Ne5 Rfe8 26. Qb2 Rc7 27. Ng4 Rce7 28. Rxe7 Rxe7 29. h3 h5 30. Qf2 Qg5 31. Nh2 Re3 32. h4 Qe5 33. Rd1 Ne4 34. Bxe4 Qxe4 35. Nf3 f6 36. Qg3 Qe7 37. Rf1 Re4 38. c5 Bd5 39. c6 Rc4 40. Re1 Qd8 41. Rd1 Rc5 42. Qf2 Rxb5 43. Nd4 Bxc6 44. Rc1 Be8 45. Nxb5 Bxb5 46. Qxa7 Be2 47. Qa2+ 1-0

[Event "Tata Steel India"]
[Site "Kolkata IND"]
[Date "2022.12.04"]
[Round "18"]
[White "Sarin Nihal"]
[Black "Arjun Erigaisi"]
[Result "1/2-1/2"]
[EventDate "2022.11.29"]
[WhiteElo "2670"]
[BlackElo "2722"]
[PlyCount "112"]

1. b3 e5 2. Bb2 Nc6 3. e3 d5 4. Bb5 Bd6 5. Nf3 f6 6. c4 Ne7 7. cxd5 Nxd5 8. Nc3 Nxc3 9. Bxc3 O-O 10. Bxc6 bxc6 11. d3 Ba6 12. Qc2 Qe8 13. e4 Rd8 14. O-O Qh5 15. Rad1 f5 16. Rfe1 fxe4 17. Rxe4 Rxf3 18. gxf3 c5 19. Qe2 Bb7 20. Re1 Rf8 21. Kg2 Rf6 22. Rg1 h6 23. h3 Bxe4 24. dxe4 Kh7 25. Rh1 Qg5+ 26. Kf1 Qf4 27. Bd2 Qxf3 28. Qxf3 Rxf3 29. Ke2 Rf6 30. Be3 Be7 31. Rc1 Ra6 32. Rc2 Kg6 33. Kf3 Kf6 34. Bxc5 Bxc5 35. Rxc5 Rxa2 36. Rc6+ Kf7 37. Rxc7+ Kf6 38. Rc6+ Kf7 39. h4 h5 40. Rc7+ Kf6 41. Rc6+ Kf7 42. Kg3 Rb2 43. Rc7+ Kf6 44. Rxa7 Rxb3+ 45. f3 Rb6 46. Ra8 Rb1 47. Rf8+ Ke6 48. Re8+ Kf6 49. Rf8+ Ke6 50. Ra8 g6 51. Ra6+ Kf7 52. Ra7+ Kf6 53. Ra6+ Kf7 54. Ra3 Rg1+ 55. Kf2 Rh1 56. Kg3 Kf6 1/2-1/2

[Event "Tata Steel India"]
[Site "Kolkata IND"]
[Date "2022.12.03"]
[Round "4.5"]
[White "Arjun Erigaisi"]
[Black "R Praggnanandhaa"]
[Result "1-0"]
[EventDate "2022.12.03"]
[WhiteElo "2722"]
[BlackElo "2684"]
[PlyCount "96"]

1. d4 Nf6 2. c4 e6 3. Nc3 Bb4 4. f3 c5 5. d5 O-O 6. e4 d6 7. Ne2 b5 8. Ng3 Re8 9. Bf4 exd5 10. cxd5 c4 11. Be2 Nbd7 12. O-O h5 13. a4 bxa4 14. Nxa4 Nb6 15. Bg5 Nxa4 16. Qxa4 Qb6+ 17. Kh1 Bd7 18. Qc2 Nh7 19. Bd2 h4 20. Nh5 Reb8 21. Rab1 Qd4 22. Bc3 Bxc3 23. bxc3 Qe3 24. Rbe1 g6 25. f4 Qb6 26. Bxc4 gxh5 27. e5 Qb2 28. Qe4 Qxc3 29. Bd3 Nf8 30. Qf3 Rb3 31. Re3 Bg4 32. Qf2 Qb2 33. Qxh4 Rxd3 34. Rxd3 Qe2 35. Rdd1 dxe5 36. Rde1 Qd3 37. h3 Bf5 38. fxe5 Bg6 39. e6 Qxd5 40. exf7+ Kh7 41. Re8 Qb5 42. Qe1 Rb8 43. Rf3 a5 44. Qe7 Qb1+ 45. Kh2 Qe4 46. Qxe4 Bxe4 47. Rxb8 Bxf3 48. Rxf8 1-0

[Event "Tata Steel India"]
[Site "Kolkata IND"]
[Date "2022.12.03"]
[Round "3.5"]
[White "D Gukesh"]
[Black "Arjun Erigaisi"]
[Result "0-1"]
[EventDate "2022.12.03"]
[WhiteElo "2725"]
[BlackElo "2722"]
[PlyCount "74"]

1. e4 c5 2. Nf3 d6 3. d4 cxd4 4. Nxd4 Nf6 5. Nc3 g6 6. g3 Nc6 7. Nde2 Bg7 8. Bg2 Bd7 9. O-O Qc8 10. Nf4 h5 11. h4 Ng4 12. Ncd5 O-O 13. c3 b5 14. a4 bxa4 15. Rxa4 e6 16. Ne3 Nce5 17. Ra2 Rd8 18. Nxg4 Nxg4 19. Qe2 Qb7 20. Rd1 Bb5 21. c4 Bc6 22. Rd3 a5 23. Rda3 a4 24. Nd3 Bd4 25. Bf4 e5 26. Bg5 f6 27. Bd2 f5 28. Nb4 Bxf2+ 29. Kh1 Bxe4 30. Nd5 Bc5 31. Bxe4 fxe4 32. Rxa4 Rxa4 33. Rxa4 Qxb2 34. Ne7+ Kh7 35. Nxg6 Qd4 36. Qf1 Nf2+ 37. Kg2 Qxd2 0-1

[Event "Tata Steel India"]
[Site "Kolkata IND"]
[Date "2022.12.03"]
[Round "5.1"]
[White "Wesley So"]
[Black "Arjun Erigaisi"]
[Result "1/2-1/2"]
[EventDate "2022.12.03"]
[WhiteElo "2760"]
[BlackElo "2722"]
[PlyCount "100"]

1. d4 d5 2. c4 e6 3. Nc3 c6 4. e3 Nf6 5. b3 Bb4 6. Bb2 Ne4 7. Ne2 Qh4 8. g3 Qf6 9. f4 c5 10. a3 Nxc3 11. Nxc3 Ba5 12. Rc1 cxd4 13. Qxd4 Qxd4 14. exd4 dxc4 15. Bxc4 O-O 16. O-O Nd7 17. d5 Nf6 18. b4 Bb6+ 19. Kg2 Ng4 20. Nd1 exd5 21. Bd3 Bd7 22. h3 Ne3+ 23. Nxe3 Bxe3 24. Rc7 Bc6 25. b5 Bb6 26. Re7 Rfe8 27. Rxe8+ Bxe8 28. a4 Bc5 29. Rc1 b6 30. Be2 f6 31. g4 Bf7 32. Rd1 Rd8 33. Bd4 Bxd4 34. Rxd4 Kf8 35. Rd2 d4 36. Kf3 Bd5+ 37. Kf2 Bb3 38. Bd1 Bxd1 39. Rxd1 g6 40. Ke2 Ke7 41. Kd3 Ke6 42. Rc1 Rd7 43. Rc6+ Kf7 44. h4 f5 45. gxf5 gxf5 46. Rh6 Kg7 47. Re6 Kf7 48. Rh6 Kg7 49. Re6 Kf7 50. Rh6 1/2-1/2

[Event "Tata Steel India"]
[Site "Kolkata IND"]
[Date "2022.12.03"]
[Round "6.3"]
[White "Arjun Erigaisi"]
[Black "Shakhriyar Mamedyarov"]
[Result "0-1"]
[EventDate "2022.12.03"]
[WhiteElo "2722"]
[BlackElo "2740"]
[PlyCount "68"]

1. d4 d5 2. Nf3 Nf6 3. Bf4 Bf5 4. e3 e6 5. Bd3 Bg6 6. Ne5 Bxd3 7. cxd3 Nbd7 8. Qb3 Rb8 9. Nc3 Nh5 10. Nxd7 Qxd7 11. Be5 f6 12. Bg3 Be7 13. e4 Nxg3 14. hxg3 c6 15. O-O-O b5 16. Kb1 a5 17. g4 O-O 18. f4 a4 19. Qc2 Qa7 20. Ne2 Rfc8 21. f5 exf5 22. gxf5 b4 23. Qd2 b3 24. a3 c5 25. Nf4 dxe4 26. Qe2 cxd4 27. Qxe4 Qd7 28. Ng6 hxg6 29. fxg6 f5 30. Qe2 Bg5 31. Rh7 Bh6 32. Rh1 Qc6 33. Qe1 Qc2+ 34. Ka1 Qc1+ 0-1

[Event "Tata Steel India"]
[Site "Kolkata IND"]
[Date "2022.12.03"]
[Round "7.3"]
[White "Parham Maghsoodloo"]
[Black "Arjun Erigaisi"]
[Result "0-1"]
[EventDate "2022.12.03"]
[WhiteElo "2719"]
[BlackElo "2722"]
[PlyCount "90"]

1. d4 d5 2. c4 e6 3. Nc3 c6 4. e3 Nf6 5. b3 Bb4 6. Bb2 Ne4 7. Qc2 f5 8. Bd3 Qg5 9. f4 Qh4+ 10. g3 Qh5 11. Be2 Qh6 12. Bf3 Nd7 13. Ne2 Ndf6 14. a3 Bd6 15. h3 g5 16. O-O-O Nf2 17. Kb1 Bd7 18. Bc1 gxf4 19. exf4 Nxd1 20. Nxd1 Qg6 21. Nf2 Ne4 22. Nd3 h5 23. Ne5 Qg7 24. Rg1 O-O-O 25. c5 Bc7 26. b4 Rdg8 27. h4 Be8 28. Be3 Rh7 29. Kb2 Qf8 30. Bd2 Rhg7 31. Be1 Bd8 32. Rh1 Nxg3 33. Nxg3 Rxg3 34. Bxg3 Rxg3 35. Qf2 Rg8 36. Bd1 Qh6 37. Qe3 Rg2+ 38. Kb3 Qg7 39. Nf3 Qg3 40. Qxe6+ Bd7 41. Qe3 Bc7 42. Rg1 Rxg1 43. Qxg1 Qxf4 44. Qg8+ Bd8 45. Qg5 Bxg5 0-1

[Event "Tata Steel India"]
[Site "Kolkata IND"]
[Date "2022.12.03"]
[Round "8.1"]
[White "Hikaru Nakamura"]
[Black "Arjun Erigaisi"]
[Result "0-1"]
[EventDate "2022.12.03"]
[WhiteElo "2768"]
[BlackElo "2722"]
[PlyCount "108"]

1. Nf3 c5 2. e3 Nf6 3. b3 d5 4. Bb2 a6 5. c4 e6 6. a3 Bd6 7. cxd5 exd5 8. d4 b6 9. dxc5 bxc5 10. Be2 O-O 11. O-O Bb7 12. Nc3 Re8 13. Re1 Nbd7 14. Rc1 Qe7 15. Bf1 Rad8 16. g3 Ne5 17. Nxe5 Bxe5 18. Bg2 h5 19. Qc2 d4 20. exd4 cxd4 21. Rxe5 Qxe5 22. Bxb7 dxc3 23. Bxc3 Qe6 24. Qb2 Rd6 25. b4 Qd7 26. Bf3 Qf5 27. Bg2 h4 28. a4 h3 29. Bxf6 hxg2 30. Bd4 Qf3 31. Qc3 Qxc3 32. Bxc3 Rc8 33. b5 axb5 34. axb5 Rd3 35. Kxg2 Rdxc3 36. Rb1 Rb8 37. Rb2 Rc5 38. b6 Rc6 39. h4 Rcxb6 40. Ra2 Rb2 41. Ra1 g6 42. g4 R8b4 43. Kg3 Kg7 44. f3 R2b3 45. Ra2 Rc4 46. Rf2 Rcc3 47. Rf1 f5 48. g5 Kf7 49. Rf2 Ke6 50. Rf1 Re3 51. Rf2 Ke5 52. Rf1 f4+ 53. Kg4 Rb2 54. h5 Rg2+ 0-1

[Event "Tata Steel India"]
[Site "Kolkata IND"]
[Date "2022.12.03"]
[Round "9.4"]
[White "Arjun Erigaisi"]
[Black "Sarin Nihal"]
[Result "1/2-1/2"]
[EventDate "2022.12.03"]
[WhiteElo "2722"]
[BlackElo "2670"]
[PlyCount "148"]

1. Nf3 g6 2. e4 Bg7 3. d4 d6 4. Nc3 a6 5. Be2 Nc6 6. O-O Nf6 7. h3 O-O 8. Be3 b5 9. a3 Bb7 10. Re1 e5 11. dxe5 Nxe5 12. Nxe5 dxe5 13. Bf3 Qe7 14. Qe2 Rfd8 15. Rad1 h6 16. g3 Rd7 17. h4 Rad8 18. b4 Qe6 19. Rxd7 Rxd7 20. Bg2 Bf8 21. Rd1 Rxd1+ 22. Qxd1 Qd7 23. Qxd7 Nxd7 24. Bh3 Nf6 25. f3 Ne8 26. Kf2 Nd6 27. Bf1 f5 28. exf5 Nxf5 29. Bd3 Nxe3 30. Kxe3 c5 31. Bxg6 cxb4 32. axb4 Bxb4 33. Be4 Bc8 34. Nd5 Bc5+ 35. Kd3 Kg7 36. g4 a5 37. Bf5 Bb7 38. Nc7 Bf2 39. Nxb5 Bxf3 40. h5 Kf6 41. Nd6 a4 42. Ne4+ Bxe4+ 43. Bxe4 Kg5 44. Ke2 Bc5 45. Kf3 a3 46. Bd5 Bd4 47. Be6 Bc3 48. Bd5 Kf6 49. Ke4 Kg5 50. Kf3 Bd4 51. Be6 Bb2 52. Bd5 Kf6 53. Ke4 Bc3 54. Ba2 Ke7 55. Kd3 Bd4 56. c3 Bc5 57. Ke4 Kf6 58. Kd5 Bf8 59. Ke4 Be7 60. Bb3 Bd6 61. Ba2 Kg5 62. Be6 Kh4 63. Kf3 Bc7 64. Ba2 Ba5 65. c4 Bb4 66. Bb3 Kg5 67. Ba2 Be7 68. Bb3 Bc5 69. Ba2 e4+ 70. Kxe4 Kxg4 71. Kd5 Bf8 72. c5 Bxc5 73. Kxc5 Kxh5 74. Kb4 1/2-1/2

[Event "Tata Steel India"]
[Site "Kolkata IND"]
[Date "2022.12.03"]
[Round "1.4"]
[White "Nodirbek Abdusattorov"]
[Black "Arjun Erigaisi"]
[Result "0-1"]
[EventDate "2022.12.03"]
[WhiteElo "2713"]
[BlackElo "2722"]
[PlyCount "100"]

1. e4 e6 2. d4 d5 3. e5 c5 4. Nf3 Nc6 5. Bd3 Bd7 6. O-O Nge7 7. Re1 c4 8. Bf1 Nf5 9. Nc3 h5 10. Ne2 Be7 11. Ng3 g5 12. Nxf5 exf5 13. h4 gxh4 14. Bf4 Be6 15. b3 Rg8 16. bxc4 dxc4 17. Rb1 Qd7 18. c3 Bd5 19. Rb5 Rg4 20. Bh2 O-O-O 21. Re3 f4 22. Re1 Rdg8 23. Kh1 a6 24. Rxd5 Qxd5 25. a4 Bd8 26. Qe2 Na5 27. Rb1 Bc7 28. Re1 Kb8 29. Rb1 Ka8 30. Re1 R8g6 31. Ng1 Rxg2 32. Nf3 R2g4 33. Qe4 Qxe4 34. Rxe4 Rb6 35. Re1 Rb2 36. Bg1 Rc2 37. d5 Rxc3 38. d6 Bd8 39. Nd4 Bb6 40. Nf5 h3 41. Be2 Rg5 42. Ne7 Rxe5 43. Rd1 Rxe2 44. Nd5 Rd3 45. Nxb6+ Kb8 46. Rc1 Rxd6 47. f3 Rc6 48. Rd1 Rce6 49. Rd8+ Kc7 50. Rd5 Rxb6 0-1

[Event "Tata Steel India"]
[Site "Kolkata IND"]
[Date "2022.12.03"]
[Round "2.5"]
[White "Arjun Erigaisi"]
[Black "Santosh Gujrathi Vidit"]
[Result "1/2-1/2"]
[EventDate "2022.12.03"]
[WhiteElo "2722"]
[BlackElo "2730"]
[PlyCount "82"]

1. d4 Nf6 2. Bg5 d5 3. e3 c5 4. Bxf6 gxf6 5. dxc5 e6 6. Nf3 Bxc5 7. Be2 Nc6 8. O-O e5 9. a3 a6 10. Nbd2 Rg8 11. Kh1 Be6 12. Rc1 Ba7 13. b4 e4 14. Ne1 f5 15. c3 h5 16. b5 axb5 17. Bxb5 h4 18. Nb3 Bb8 19. f4 Rxa3 20. Nd4 Bd7 21. Ne2 Qb6 22. Rb1 Qc5 23. Nc2 Ra2 24. Ncd4 Bd6 25. Qb3 Rd2 26. Qa4 Ke7 27. Bxc6 bxc6 28. Rb7 Rxe2 29. Nxe2 Qxe3 30. Qxc6 Rd8 31. Nd4 Qd3 32. Nxf5+ Ke8 33. Ng7+ Ke7 34. Rg1 h3 35. Nf5+ Ke8 36. Ng7+ Ke7 37. Rxd7+ Rxd7 38. Nf5+ Kf6 39. Qxd7 hxg2+ 40. Rxg2 Qf1+ 41. Rg1 1/2-1/2

[Event "Tata Steel India"]
[Site "Kolkata IND"]
[Date "2022.12.01"]
[Round "7"]
[White "Parham Maghsoodloo"]
[Black "Arjun Erigaisi"]
[Result "1/2-1/2"]
[EventDate "2022.11.29"]
[WhiteElo "2720"]
[BlackElo "2718"]
[PlyCount "78"]

1. d4 d5 2. c4 e6 3. Nc3 c6 4. e3 Nf6 5. b3 Nbd7 6. Bb2 Bd6 7. Bd3 O-O 8. c5 Bc7 9. f4 b6 10. cxb6 Bxb6 11. Nf3 c5 12. O-O cxd4 13. exd4 Bb7 14. Na4 Ne4 15. b4 Bc7 16. Ne5 Nxe5 17. fxe5 f6 18. Qg4 Qe7 19. Nc5 Nxc5 20. exf6 Bxh2+ 21. Kh1 Rxf6 22. Rxf6 Nxd3 23. Raf1 h5 24. Qg6 Bd6 25. Kg1 Nf4 26. R6xf4 Bxf4 27. Rxf4 Bc6 28. Qxh5 Be8 29. Qh3 Bg6 30. Rh4 Kf7 31. b5 Rc8 32. Ba3 Qf6 33. Bc5 Bf5 34. Qg3 g5 35. Rh5 Kg6 36. Rh4 Kf7 37. Rh5 Kg6 38. Rh4 Kf7 39. Rh5 1/2-1/2

[Event "Tata Steel India"]
[Site "Kolkata IND"]
[Date "2022.12.01"]
[Round "8"]
[White "Hi Nakamura"]
[Black "Arjun Erigaisi"]
[Result "0-1"]
[EventDate "2022.11.29"]
[WhiteElo "2768"]
[BlackElo "2718"]
[PlyCount "112"]

1. Nf3 d5 2. e3 Nf6 3. c4 e6 4. Nc3 Bd6 5. d4 b6 6. cxd5 exd5 7. Bd3 O-O 8. Bd2 c5 9. dxc5 bxc5 10. O-O Nc6 11. h3 h6 12. Rc1 Be6 13. Ne2 Ne4 14. a3 Qb6 15. Nc3 Nxd2 16. Qxd2 c4 17. Bb1 Rfd8 18. Rfd1 Rab8 19. Na4 Qb7 20. Bc2 Qe7 21. Rb1 Qf6 22. Qe2 g6 23. Rd2 Kg7 24. Qd1 Bc7 25. Nc5 Bc8 26. b4 Ne5 27. Ne1 Qd6 28. Na4 a5 29. b5 Be6 30. f4 Nd7 31. Nf3 Qxa3 32. Qe1 Nb6 33. Ra1 Qe7 34. Nc3 Ra8 35. f5 gxf5 36. Ne2 Bd7 37. Ned4 f4 38. e4 Re8 39. Re2 dxe4 40. Bxe4 Rad8 41. Rxa5 Qf6 42. Ra6 Bc8 43. Qa1 Kg8 44. Nc6 Qxa1+ 45. Rxa1 Rd6 46. Ra7 Rd1+ 47. Kh2 Bd6 48. Nce5 Bxe5 49. Bc6 Re6 50. Nxe5 c3 51. Bf3 Rd2 52. Re4 Nd5 53. Nxf7 Rxe4 54. Bxe4 c2 55. Nd6 c1=Q 56. Bh7+ Kh8 0-1

[Event "Tata Steel India"]
[Site "Kolkata IND"]
[Date "2022.12.01"]
[Round "9"]
[White "Arjun Erigaisi"]
[Black "Sarin Nihal"]
[Result "1-0"]
[EventDate "2022.11.29"]
[WhiteElo "2718"]
[BlackElo "2670"]
[PlyCount "118"]

1. e4 e5 2. Nf3 Nc6 3. Bc4 Bc5 4. c3 Nf6 5. d3 O-O 6. O-O d5 7. exd5 Nxd5 8. a4 a5 9. Nbd2 Nb6 10. Bb5 Bd6 11. Re1 Bg4 12. Ne4 Na7 13. h3 Bh5 14. d4 Nxb5 15. axb5 exd4 16. Nxd6 Qxd6 17. Qxd4 Qxd4 18. Nxd4 Bg6 19. Bf4 Rfc8 20. Bg3 a4 21. Re7 Nc4 22. Bxc7 Kf8 23. Rae1 Re8 24. Rxe8+ Rxe8 25. Rc1 Nxb2 26. Bd6+ Kg8 27. c4 Re4 28. c5 Rxd4 29. c6 bxc6 30. Rxc6 Rc4 31. Bc5 h6 32. b6 Rc1+ 33. Kh2 Rxc5 34. Rxc5 Be4 35. f3 Bb7 36. Rc7 Bd5 37. b7 Bxb7 38. Rxb7 Nd3 39. Rd7 Nb2 40. Rd2 Nc4 41. Rd4 Nb2 42. Rb4 Nd3 43. Rxa4 g5 44. Kg3 Kg7 45. Rd4 Nc5 46. Rd6 Ne6 47. Kf2 Nf4 48. Rd4 Ne6 49. Rc4 f5 50. g3 Kf6 51. Rb4 Ke5 52. Rb5+ Kf6 53. Rb6 Ke5 54. g4 Kf6 55. Ke3 fxg4 56. hxg4 Ke5 57. Ra6 Kf6 58. Ke4 Kf7 59. Ke5 1-0

[Event "Tata Steel India"]
[Site "Kolkata IND"]
[Date "2022.11.30"]
[Round "4.2"]
[White "Arjun Erigaisi"]
[Black "SP Sethuraman"]
[Result "0-1"]
[EventDate "2022.11.29"]
[WhiteElo "2718"]
[BlackElo "2643"]
[PlyCount "166"]

1. d4 Nf6 2. Nc3 d5 3. Bf4 g6 4. e3 Bg7 5. Nb5 Na6 6. h3 c6 7. Nc3 Nc7 8. Nf3 O-O 9. Bd3 c5 10. O-O b6 11. a4 Bb7 12. Be5 Ne4 13. Ne2 Ne6 14. c3 a6 15. Bxg7 Kxg7 16. Qb1 Nd6 17. Nd2 b5 18. b3 Bc6 19. Qa2 Qb6 20. Rfc1 Rfc8 21. Rab1 Qa7 22. Qa1 Kg8 23. h4 Qd7 24. Bc2 cxd4 25. cxd4 b4 26. Nf3 Bb7 27. h5 Qe8 28. a5 Bc6 29. Bd3 Bb5 30. Bxb5 Qxb5 31. Qa2 Nb7 32. Ne5 f6 33. Ng4 Qxa5 34. Qd2 Qb5 35. Nf4 Nxf4 36. exf4 Nd6 37. Qe3 Qd7 38. Qh3 Nf5 39. Re1 Rc3 40. g3 Kg7 41. Kg2 Rh8 42. Ra1 Qc8 43. Rh1 h6 44. Rae1 Rxb3 45. hxg6 h5 46. Nh2 Rc3 47. Nf3 Rc7 48. Ra1 b3 49. Nh4 Nxh4+ 50. Qxh4 b2 51. Rab1 Rb7 52. Rhe1 Qf5 53. f3 Qc2+ 54. Kg1 a5 55. Qh3 a4 56. Qe6 Qxg6 57. Qxd5 Rhb8 58. Kf2 a3 59. f5 Qf7 60. Re6 Ra7 61. Qa2 Qe8 62. Rbe1 Qd8 63. Kg2 Kf8 64. d5 Rb6 65. R6e4 Qb8 66. Rb1 Rb4 67. Re3 h4 68. f4 Rba4 69. Rh1 Rb7 70. d6 Qxd6 71. Rxh4 Qc6+ 72. Kf2 Qc2+ 73. Kf3 Qc4 74. Qb1 Qd5+ 75. Kf2 a2 76. Qc2 Rc4 77. Qe2 b1=Q 78. Rh8+ Qg8 79. Rxg8+ Kxg8 80. Qxc4+ Kg7 81. Qc5 Rb2+ 82. Kf3 Qd1+ 83. Ke4 Rb7 0-1

[Event "Tata Steel India"]
[Site "Kolkata IND"]
[Date "2022.11.30"]
[Round "5.3"]
[White "Wesley So"]
[Black "Arjun Erigaisi"]
[Result "1/2-1/2"]
[EventDate "2022.11.29"]
[WhiteElo "2760"]
[BlackElo "2718"]
[PlyCount "98"]

1. e4 e6 2. d4 d5 3. Nc3 Nf6 4. e5 Nfd7 5. f4 c5 6. Nf3 Nc6 7. Be3 cxd4 8. Nxd4 Qb6 9. a3 Bc5 10. Ncb5 a6 11. b4 axb5 12. bxc5 Qxc5 13. Qd3 Qe7 14. Nxb5 O-O 15. Be2 f6 16. exf6 Nxf6 17. O-O Bd7 18. Nd4 Na5 19. Bd2 Rfc8 20. Bb4 Qe8 21. Rae1 Nc6 22. Bf3 Nxb4 23. axb4 Qe7 24. Qd2 Qd6 25. g3 Ra3 26. Re3 Rxe3 27. Qxe3 Qxb4 28. Nxe6 Rxc2 29. f5 Qd2 30. Qxd2 Rxd2 31. Rb1 b5 32. g4 Ne4 33. Rb3 Bxe6 34. fxe6 Ng5 35. h4 Nxf3+ 36. Rxf3 Re2 37. Rb3 Rxe6 38. Rxb5 Re4 39. g5 d4 40. h5 Kf7 41. Kf2 Ke6 42. h6 g6 43. Rb6+ Kf5 44. Rb7 Kxg5 45. Rxh7 Kh5 46. Rh8 g5 47. h7 Re7 48. Rd8 Rxh7 49. Rxd4 1/2-1/2